Knihy
Uloženo v:
LEADER 03311nam a2200841 i 4500
001 nkc20243644526
003 CZ PrNK
005 20260213112642.0
007 ta
008 241125s2024 xr ach e 000 0acze
015 |a cnb003644526 
020 |a 978-80-908347-1-2  |q (vázáno) 
035 |a (OCoLC)1498301569 
040 |a BOA001  |b cze  |e rda 
043 |a e-xr---  |b e-xr-pa  |a e-gx---  |2 czenas 
045 |a x3x4 
072 7 |a 323  |x Vnitropolitický vývoj, politický život  |2 Konspekt  |9 15 
072 7 |a 929  |x Biografie  |2 Konspekt  |9 8 
080 |a 316.356.2-055.71-055.2  |2 MRF 
080 |a 94(437.3)"1941/1942"  |2 MRF 
080 |a 94(437.314)"1942"  |2 MRF 
080 |a 323.28:329.17  |2 MRF 
080 |a [323.28:329.17]-058.6  |2 MRF 
080 |a 316.356.2-058.855  |2 MRF 
080 |a 314.151.5  |2 MRF 
080 |a 159.923.2:17.024.3  |2 MRF 
080 |a 929  |2 MRF 
080 |a (437.314)  |2 MRF 
080 |a (430)  |2 MRF 
080 |a (0:82-94)  |2 MRF 
080 |a (093)  |2 MRF 
100 1 |a Doležalová, Jarmila,  |c st.,  |d 1939-  |7 mzk2005294943  |4 aut 
245 1 0 |a Jarmila i Camilla, tři životy ležácké dívky /  |c Jarmila Doležalová st., Jarmila Doležalová ml. 
250 |a První vydání 
264 1 |a Včelákov :  |b RONADO,  |c 2024 
300 |a 478 stran :  |b ilustrace (některé barevné), portréty, faksimile ;  |c 20 cm 
336 |a text  |b txt  |2 rdacontent 
337 |a bez média  |b n  |2 rdamedia 
338 |a svazek  |b nc  |2 rdacarrier 
500 |a 500 výtisků 
504 |a Obsahuje bibliografii 
600 1 7 |a Doležalová, Jarmila,  |c st.,  |d 1939-  |7 mzk2005294943  |2 czenas 
600 1 7 |a Jeřábková, Marie,  |d 1941-2018  |7 pag2018984778  |2 czenas 
648 7 |a 1939-1945  |7 ch460653  |2 czenas 
648 7 |a 1946  |7 ch969052  |2 czenas 
650 0 7 |a sestry  |7 ph159588  |z Česko  |2 czenas 
650 0 7 |a heydrichiáda (1941-1942 : Česko)  |7 ph567499  |2 czenas 
650 0 7 |a vyhlazení Ležáků (1942 : Ležáky, Česko)  |7 ph159599  |2 czenas 
650 0 7 |a zločiny nacismu  |7 ph120356  |z Česko  |y 1939-1945  |2 czenas 
650 0 7 |a oběti nacismu  |7 ph123641  |z Česko  |y 1939-1945  |2 czenas 
650 0 7 |a adoptivní rodina  |7 ph118260  |z Německo  |y 1943-1946  |2 czenas 
650 0 7 |a repatriace  |7 ph125141  |z Česko  |y 1946  |2 czenas 
650 0 7 |a vyrovnání se s minulostí  |7 ph210129  |2 czenas 
650 0 9 |a sisters  |z Czechia  |2 eczenas 
650 0 9 |a Heydrich terror (1941-1942, Czechia)  |2 eczenas 
650 0 9 |a Ležáky massacre (1942 : Ležáky, Czechia)  |2 eczenas 
650 0 9 |a crimes of Nazism  |z Czechia  |y 1939-1945  |2 eczenas 
650 0 9 |a victims of Nazism  |z Czechia  |y 1939-1945  |2 eczenas 
650 0 9 |a adoptive family  |z Germany  |y 1943-1946  |2 eczenas 
650 0 9 |a repatriation  |z Czechia  |y 1946  |2 eczenas 
650 0 9 |a coming to terms with the past  |2 eczenas 
651 7 |a Ležáky (Česko)  |7 ge129792  |2 czenas 
651 9 |a Ležáky (Czechia)  |2 eczenas 
655 7 |a autobiografické vzpomínky  |7 fd131854  |2 czenas 
655 7 |a dokumenty  |7 fd132064  |2 czenas 
655 9 |a autobiographical reminiscences  |2 eczenas 
655 9 |a documents  |2 eczenas 
700 1 |a Doležalová, Jarmila,  |c ml.,  |d 1965-  |7 jx20070727013  |4 aut 
910 2 |a BOA001  |b 1-1535.589 
990 |a BK 
995 |a 01 
991 |b 202412  |c NOV 
996 6 |b 2610988656  |c 1-1535.589  |l MZK  |r Sklad / do 1 hodiny  |n 1  |p p.v.  |w 001987145  |u 000010  |a 1  |e BOA001  |j MZK50  |s P